| 000 | 00340nam a22001457a 4500 | ||
|---|---|---|---|
| 003 | SGT | ||
| 082 | _a346.66,RYD | ||
| 100 | _a RYDER, RODNEY D | ||
| 245 | _aDRAFTING CORPORATE COMMERCIAL AGREEMENTS | ||
| 250 | _a2ND | ||
| 260 |
_aNEW DELHI _bUNIVERSAL BOOKS _c2014 |
||
| 300 | _a1694 | ||
| 650 | _aCORPORATIONS, COMPANIES | ||
| 942 |
_2ddc _cBK |
||
| 999 |
_c9771 _d9771 |
||